00361 a2200121 450000100060000010000140000624500400002026000360006009000170009694200230011399900190013695200840015547777 aWarner A aThe impact of science on technology aNew YorkbColumbia universityc c30779d30779 aNUST-CAEcMc23090 c282850d282850 001040708NFICaCAEbCAEd2017-04-03l0pCAE36239r2017-04-05w2017-04-05yBK